[Event "Bijnor op"]
[Site "Bijnor"]
[Date "2024.03.20"]
[Round "8"]
[White "Mahindrakar, Indrajeet"]
[Black "Vignesh, B2."]
[Result "1/2-1/2"]
[WhiteElo "2136"]
[BlackElo "2209"]
[PlyCount "140"]
[EventDate "2024.03.17"]
[EventType "swiss"]
[EventRounds "9"]
[EventCountry "IND"]
[SourceTitle "CB13_2024"]
[SourceDate "2024.03.27"]
[SourceVersion "1"]
[SourceVersionDate "2024.03.27"]
[SourceQuality "1"]

1. d4 d6 2. e4 g6 3. Nc3 Bg7 4. Be3 a6 5. Qd2 b5 6. a3 Nd7 7. f4 Nb6 8. Nf3 Nf6 9. Bd3 Bb7 10. d5 c6 11. dxc6 Bxc6 12. Bd4 0-0 13. 0-0 Rc8 14. Qf2 Nc4 15. Bxc4 bxc4 16. h3 Qc7 17. e5 Nh5 18. exd6 Qxd6 19. Be5 Bxe5 20. Nxe5 Qb8 21. Rab1 Nf6 22. Rfe1 Ba8 23. Re3 Rfd8 24. f5 Rd6 25. Qe2 Rd4 26. Nxf7 Qb6 27. fxg6 hxg6 28. Ng5 Rcd8 29. Re1 Nh5 30. Nf3 Bxf3 31. Qxf3 Rf4 32. Nd5 Rxf3 33. Nxb6 Rxe3 34. Rxe3 Rd2 35. Nxc4 Rxc2 36. Re4 Kf8 37. b4 g5 38. Rg4 Nf6 39. Rd4 Nh5 40. Ne3 Re2 41. Rd3 e5 42. Rb3 Nf4 43. a4 Ke7 44. b5 axb5 45. axb5 Kd7 46. b6 Kc8 47. b7+ Kb8 48. Kh2 Ne6 49. Rb6 Nd8 50. Nc4 Re4 51. Na5 Rd4 52. Ra6 Kc7 53. Rg6 Ra4 54. Rg7+ Kb8 55. Rg8 Rxa5 56. Rxd8+ Kxb7 57. Rg8 Kc6 58. Rxg5 Kd5 59. h4 Ke4 60. Kg3 Kd4 61. h5 Ra3+ 62. Kh4 e4 63. Rg8 e3 64. Rd8+ Kc3 65. Re8 Kd2 66. h6 e2 67. h7 Re3 68. Rxe3 Kxe3 69. h8Q e1Q+ 70. Kg4 Qd1+ 1/2-1/2

[Event "Bijnor op"]
[Site "Bijnor"]
[Date "2024.03.19"]
[Round "5"]
[White "Sparsh, Yadav"]
[Black "Mahindrakar, Indrajeet"]
[Result "1/2-1/2"]
[WhiteElo "1775"]
[BlackElo "2136"]
[PlyCount "168"]
[EventDate "2024.03.17"]
[EventType "swiss"]
[EventRounds "9"]
[EventCountry "IND"]
[SourceTitle "CB13_2024"]
[SourceDate "2024.03.27"]
[SourceVersion "1"]
[SourceVersionDate "2024.03.27"]
[SourceQuality "1"]

1. e4 c5 2. Nf3 Nc6 3. c3 Nf6 4. e5 Nd5 5. d4 cxd4 6. cxd4 d6 7. Bc4 dxe5 8. Nxe5 e6 9. 0-0 Be7 10. Nxc6 bxc6 11. Nc3 0-0 12. Bxd5 cxd5 13. Bf4 Ba6 14. Re1 Qd7 15. Rc1 Rfc8 16. a3 Rc4 17. Ne2 Rxc1 18. Qxc1 Rc8 19. Qd2 Bxe2 20. Rxe2 Qa4 21. h3 h6 22. Qd3 Rc4 23. Rd2 Qc6 24. Qg3 Kh7 25. Qd3+ g6 26. Kh2 a5 27. Qe3 Bf8 28. Be5 a4 29. Qf3 f5 30. Re2 Rc2 31. Qd3 Rxe2 32. Qxe2 Kg8 33. Qd2 Bd6 34. Qxh6 Bxe5+ 35. dxe5 Qe8 36. Qf4 Qd7 37. Qd4 Kg7 38. f4 Qc6 39. Qa7+ Kg8 40. Qe7 Qc4 41. Qxe6+ Kg7 42. Qf6+ Kh7 43. Qh4+ Kg7 44. e6 Qe4 45. Qe7+ Kh6 46. Qd6 d4 47. Qb8 Kg7 48. Qc7+ Kh6 49. e7 d3 50. Qe5 Qxe5 51. fxe5 d2 52. e8Q d1Q 53. Qf8+ Kh5 54. Qd6 Qe2 55. e6 Qe3 56. e7 f4 57. e8Q Qxe8 58. Qxf4 g5 59. Qd6 Qe2 60. Qf6 Qd2 61. Qc3 Qd6+ 62. Qg3 Qe7 63. Qg4+ Kh6 64. Qg3 Qe2 65. Qd6+ Kh5 66. Qf6 Qd2 67. Qc3 Qf4+ 68. Kg1 Kh6 69. Qc6+ Kh7 70. Qc2+ Kh6 71. Qf2 Qc1+ 72. Kh2 Qc7+ 73. g3 Qe5 74. Qd2 Kg6 75. Qc2+ Kh6 76. Kg2 Qd5+ 77. Kh2 Qe5 78. Qf2 Kg6 79. Qd2 Kh7 80. Kg2 Qe4+ 81. Kf2 Qf5+ 82. Kg2 Qe4+ 83. Kh2 Qe5 84. Qc2+ Kh6 1/2-1/2

[Event "Bijnor op"]
[Site "Bijnor"]
[Date "2024.03.17"]
[Round "1"]
[White "Abhineet, Sinha"]
[Black "Mahindrakar, Indrajeet"]
[Result "0-1"]
[WhiteElo "1467"]
[BlackElo "2136"]
[PlyCount "66"]
[EventDate "2024.03.17"]
[EventType "swiss"]
[EventRounds "9"]
[EventCountry "IND"]
[SourceTitle "CB13_2024"]
[SourceDate "2024.03.27"]
[SourceVersion "1"]
[SourceVersionDate "2024.03.27"]
[SourceQuality "1"]

1. e4 Nf6 2. Nc3 d5 3. e5 Ne4 4. Nxe4 dxe4 5. d4 exd3 6. Bxd3 Nc6 7. Bf4 Qd4 8. Ne2 Qc5 9. e6 Bxe6 10. Bxc7 g6 11. c3 Bg7 12. Qc2 0-0 13. 0-0 Rac8 14. Bg3 Nb4 15. Qd2 Nxd3 16. Qxd3 Rfd8 17. Qc2 b5 18. a3 Bf5 19. Qb3 Rd2 20. Rfe1 a5 21. a4 Bd3 22. Nf4 Bc4 23. Qa3 b4 24. cxb4 axb4 25. Qe3 Qxe3 26. Rxe3 e5 27. Nh3 Rxb2 28. Bxe5 Bxe5 29. Rxe5 Ra2 30. Rae1 b3 31. Re8+ Rxe8 32. Rxe8+ Kg7 33. f3 b2 0-1

[Event "Dolakha Tamang Memorial"]
[Site "Dolakha"]
[Date "2023.05.21"]
[Round "5"]
[White "Silwal, Purushottam"]
[Black "Mahindrakar, Indrajeet"]
[Result "1/2-1/2"]
[WhiteElo "1783"]
[BlackElo "1971"]
[PlyCount "106"]
[EventDate "2023.05.19"]
[EventType "swiss"]
[EventRounds "9"]
[EventCountry "NEP"]
[SourceTitle "EXT 2024"]
[Source "ChessBase"]
[SourceDate "2023.10.10"]
[SourceVersion "1"]
[SourceVersionDate "2023.10.10"]
[SourceQuality "1"]

1. e4 c5 2. Nf3 Nc6 3. Bb5 e6 4. 0-0 Nge7 5. Re1 a6 6. Bf1 g6 7. c3 d5 8. exd5 Nxd5 9. d4 cxd4 10. Nxd4 Nce7 11. c4 Nf6 12. Bg5 Bg7 13. Nc3 h6 14. Bh4 0-0 15. Be2 e5 16. Nf3 Qc7 17. Bg3 Nd7 18. Bf1 Re8 19. Nd5 Nxd5 20. Qxd5 Nb6 21. Qa5 f6 22. Rad1 Be6 23. Bd3 g5 24. Nd4 Bf7 25. Nf5 Bf8 26. b3 Rac8 27. f3 Nd7 28. Qxc7 Rxc7 29. Be4 Nc5 30. Nd6 Nxe4 31. fxe4 Re6 32. Nxf7 Kxf7 33. Rd5 Rd6 34. Red1 Rxd5 35. exd5 Bc5+ 36. Bf2 f5 37. Bxc5 Rxc5 38. d6 Ke8 39. d7+ Kd8 40. Rd6 b5 41. Rxa6 bxc4 42. bxc4 Kxd7 43. Rxh6 Rxc4 44. Rh5 Rc1+ 45. Kf2 Rc2+ 46. Kg3 Rxa2 47. Rxg5 Ke6 48. Kf3 Ra3+ 49. Ke2 Ra4 50. Kf3 Rf4+ 51. Ke3 Rh4 52. h3 Ra4 53. Kf3 Ra3+ 1/2-1/2

[Event "IND-ch 59th"]
[Site "New Delhi"]
[Date "2023.01.02"]
[Round "12"]
[White "Ajay, Santhosh Parvathare"]
[Black "Mahindrakar, Indrajeet"]
[Result "1-0"]
[WhiteElo "1725"]
[BlackElo "1957"]
[PlyCount "167"]
[EventDate "2022.12.22"]
[EventType "swiss"]
[EventRounds "13"]
[EventCountry "IND"]
[SourceTitle "CBM 211 Extra"]
[Source "ChessBase"]
[SourceDate "2023.01.31"]
[SourceVersion "1"]
[SourceVersionDate "2023.01.31"]
[SourceQuality "1"]

1. d4 c5 2. e3 Nf6 3. Nf3 g6 4. b3 Bg7 5. Bb2 0-0 6. dxc5 Na6 7. Be2 Nxc5 8. c4 b6 9. 0-0 Bb7 10. Nbd2 d6 11. b4 Na6 12. Qb3 e5 13. Rfd1 Qe7 14. Rac1 Rfd8 15. Qa3 Nc7 16. c5 Nfd5 17. Ne4 dxc5 18. bxc5 b5 19. Nd6 Bc6 20. Nd2 a5 21. Bf3 h6 22. Ba1 a4 23. g3 Kh7 24. Bg2 Rdb8 25. Nf3 b4 26. Qd3 b3 27. Qe2 Nb4 28. a3 Nc2 29. Ng5+ hxg5 30. Bxc6 Nxa1 31. Rxa1 Ra5 32. Ne4 Rxc5 33. Nxc5 Qxc5 34. Bxa4 b2 35. Rab1 e4 36. Qd2 Qxa3 37. Qd7 Rf8 38. Bc6 Ne6 39. Bxe4 Qb4 40. Bd5 Nc5 41. Qe7 Kg8 42. e4 Nd3 43. Bxf7+ Rxf7 44. Qe8+ Rf8 45. Qe6+ Kh7 46. Rxd3 Qc5 47. Rd2 Qc1+ 48. Rd1 Qc2 49. Qb6 Rf3 50. e5 Rb3 51. Qa7 Rd3 52. Rf1 Kh6 53. Qb8 Rd2 54. Rbe1 Rd7 55. Qb4 Rc7 56. e6 Rc8 57. Qb5 Qf5 58. Qa4 Bf6 59. Qd7 Rb8 60. Rb1 Rb6 61. Rfe1 Be5 62. Qf7 Qxf7 63. exf7 Bg7 64. Re8 Rf6 65. Rxb2 Rxf7 66. Rc2 Rf5 67. Re6 Bd4 68. Kg2 Kh5 69. f3 Ra5 70. Kh3 Rb5 71. Rcc6 Kh6 72. Rxg6+ Kh7 73. Rgd6 Bg7 74. Rd7 Rb3 75. Rcc7 g4+ 76. Kxg4 Kh6 77. f4 Re3 78. Rc6+ Kh7 79. f5 Kh8 80. Rc8+ Kh7 81. f6 Kh6 82. fxg7 Ra3 83. g8N+ Kg6 84. Rc6# 1-0

[Event "Bikaner op 1st"]
[Site "Bikaner"]
[Date "2022.10.05"]
[Round "6"]
[White "Aaditya, Dhingra"]
[Black "Mahindrakar, Indrajeet"]
[Result "1/2-1/2"]
[WhiteElo "2154"]
[BlackElo "2050"]
[PlyCount "99"]
[EventDate "2022.10.01"]
[EventType "swiss"]
[EventRounds "10"]
[EventCountry "IND"]
[SourceTitle "CBM 210 Extra"]
[Source "ChessBase"]
[SourceDate "2022.11.30"]
[SourceVersion "1"]
[SourceVersionDate "2022.11.30"]
[SourceQuality "1"]

1. e4 c5 2. Nf3 e6 3. g3 Nf6 4. e5 Nd5 5. Bg2 Nc6 6. 0-0 Qc7 7. Re1 d6 8. exd6 Bxd6 9. d4 0-0 10. c4 Nf6 11. Nc3 Nxd4 12. Nxd4 cxd4 13. Qxd4 Bc5 14. Qh4 Qb6 15. Re2 Rd8 16. Bg5 Rd4 17. Bf4 Rxc4 18. Rd1 Bd7 19. Qh3 Rd4 20. Be5 Rxd1+ 21. Nxd1 Bd4 22. Bxd4 Qxd4 23. Nc3 Rb8 24. Bf3 b5 25. Ne4 Nxe4 26. Bxe4 f5 27. Bc2 b4 28. Bb3 Kh8 29. Qh4 Qxh4 30. gxh4 Re8 31. Re5 Re7 32. Ra5 Be8 33. Re5 g6 34. f4 Kg7 35. Rxe6 Rxe6 36. Bxe6 Kf6 37. Bg8 Bf7 38. Bxf7 Kxf7 39. Kf2 Ke6 40. Ke3 Kd5 41. Kd3 a5 42. b3 Kc5 43. Ke3 Kd5 44. h5 gxh5 45. h4 Kc5 46. Kd3 Kd5 47. Ke3 Kc5 48. Kd3 Kd5 49. Ke3 Kc5 50. Kd3 1/2-1/2

[Event "Raipur Chhattisgarh"]
[Site "Raipur"]
[Date "2022.09.26"]
[Round "8"]
[White "Ayush, Sharma"]
[Black "Mahindrakar, Indrajeet"]
[Result "0-1"]
[WhiteElo "2200"]
[BlackElo "1979"]
[PlyCount "102"]
[EventDate "2022.09.19"]
[EventType "swiss"]
[EventRounds "10"]
[EventCountry "IND"]
[SourceTitle "CBM 210 Extra"]
[Source "ChessBase"]
[SourceDate "2022.11.30"]
[SourceVersion "1"]
[SourceVersionDate "2022.11.30"]
[SourceQuality "1"]

1. e4 c5 2. Nf3 e6 3. d4 cxd4 4. Nxd4 a6 5. Bd3 Nf6 6. 0-0 Qc7 7. Nc3 Be7 8. f4 d6 9. f5 e5 10. Nb3 b5 11. Bg5 Nbd7 12. Bxf6 Nxf6 13. Nd5 Nxd5 14. exd5 Bb7 15. Kh1 Qb6 16. Qf3 Bg5 17. a4 0-0 18. f6 g6 19. Qg3 Bh6 20. Qh3 Qe3 21. Rf3 Qg5 22. Be4 Bc8 23. Qg3 Qxg3 24. Rxg3 Bd7 25. Na5 Bf4 26. Rc3 Bd2 27. Rc7 Bf5 28. Nb3 Bxe4 29. Nxd2 Bxd5 30. c3 Rfc8 31. Rd7 Rd8 32. Rc7 Rac8 33. Ra7 b4 34. cxb4 Rc2 35. Rd1 Rdc8 36. Kg1 Rxb2 37. Rxa6 Rxb4 38. Rxd6 Rd4 39. a5 h5 40. a6 Rc2 41. a7 Ra2 42. Rd7 g5 43. Kf2 Kh7 44. Ke3 Kg6 45. g3 g4 46. Rc7 Ra3+ 47. Kf2 e4 48. Re7 Kxf6 49. Re8 Rxa7 50. Ke3 Rd3+ 51. Ke2 Ra2 0-1

[Event "Raipur Chhattisgarh"]
[Site "Raipur"]
[Date "2022.09.24"]
[Round "6"]
[White "Srinath, Rao SV"]
[Black "Mahindrakar, Indrajeet"]
[Result "0-1"]
[WhiteElo "2317"]
[BlackElo "1979"]
[PlyCount "84"]
[EventDate "2022.09.19"]
[EventType "swiss"]
[EventRounds "10"]
[EventCountry "IND"]
[SourceTitle "CBM 210 Extra"]
[Source "ChessBase"]
[SourceDate "2022.11.30"]
[SourceVersion "1"]
[SourceVersionDate "2022.11.30"]
[SourceQuality "1"]

1. e4 c5 2. Nf3 e6 3. c3 Nf6 4. e5 Nd5 5. Bc4 Nc6 6. 0-0 d6 7. d4 cxd4 8. cxd4 Be7 9. Qe2 0-0 10. Nc3 Nxc3 11. bxc3 dxe5 12. dxe5 Qa5 13. a4 Rd8 14. Re1 Qxc3 15. Bb2 Qa5 16. Qe4 Bd7 17. Ba3 Nb4 18. Bd3 g6 19. Reb1 Bc6 20. Bxb4 Bxe4 21. Bxa5 Rxd3 22. Rd1 Rd5 23. Rxd5 Bxd5 24. Rc1 b6 25. Bd2 Bxf3 26. gxf3 Rd8 27. Be3 Rd7 28. Rc6 Kg7 29. Kg2 g5 30. Kg3 Kg6 31. Rc8 Bd8 32. f4 Kf5 33. fxg5 Bxg5 34. Bxg5 Kxg5 35. Rh8 Kg6 36. f4 h6 37. Rg8+ Kf5 38. Rf8 Rc7 39. h3 a5 40. Rb8 Rc3+ 41. Kh4 Rb3 42. Rb7 Kxf4 0-1

[Event "Raipur Chhattisgarh"]
[Site "Raipur"]
[Date "2022.09.21"]
[Round "3"]
[White "Mahindrakar, Indrajeet"]
[Black "Raahul, VS."]
[Result "0-1"]
[WhiteElo "1979"]
[BlackElo "2345"]
[PlyCount "72"]
[EventDate "2022.09.19"]
[EventType "swiss"]
[EventRounds "10"]
[EventCountry "IND"]
[SourceTitle "CBM 210 Extra"]
[Source "ChessBase"]
[SourceDate "2022.11.30"]
[SourceVersion "1"]
[SourceVersionDate "2022.11.30"]
[SourceQuality "1"]

1. e4 e6 2. d4 d5 3. Nd2 Nf6 4. e5 Nfd7 5. Bd3 c5 6. c3 Nc6 7. Ngf3 g6 8. 0-0 Bg7 9. Bc2 0-0 10. Re1 cxd4 11. cxd4 f6 12. exf6 Qxf6 13. Nb3 e5 14. Bg5 Qf7 15. dxe5 Ndxe5 16. Nxe5 Qxf2+ 17. Kh1 Bxe5 18. Qxd5+ Kg7 19. Na5 Bxb2 20. Rad1 Bg4 21. Rb1 Qxc2 22. Nxc6 bxc6 23. Qd6 Rf7 24. h3 Bf5 25. Rbd1 Qc4 26. Rd2 Bc3 27. Rc1 Qb4 28. Rxc3 Qxc3 29. Bf4 Re8 30. Kh2 Qf6 31. Qa3 Bxh3 32. Rf2 Bf5 33. Qg3 Re4 34. Bg5 Qe5 35. Bf4 Rxf4 36. Rxf4 Rd7 0-1

[Event "Chennai op 12th"]
[Site "Chennai"]
[Date "2020.01.21"]
[Round "5"]
[White "Aleksandrov, Aleksej"]
[Black "Mahindrakar, Indrajeet"]
[Result "1-0"]
[WhiteElo "2592"]
[BlackElo "2066"]
[PlyCount "75"]
[EventDate "2020.01.18"]
[EventType "swiss"]
[EventRounds "10"]
[EventCountry "IND"]
[SourceTitle "CBM 194 Extra"]
[Source "ChessBase"]
[SourceDate "2020.03.31"]
[SourceVersion "1"]
[SourceVersionDate "2020.03.31"]
[SourceQuality "1"]

1. d4 Nf6 2. c4 g6 3. Nc3 Bg7 4. e4 d6 5. h3 0-0 6. Be3 e5 7. d5 Ne8 8. g4 f5 9. gxf5 gxf5 10. exf5 Bxf5 11. Nge2 Qh4 12. Ng3 Bg6 13. Bd3 Bh6 14. Rg1 Bxe3 15. fxe3 Ng7 16. Bxg6 hxg6 17. Qg4 Qxg4 18. hxg4 Nd7 19. Nge4 Kf7 20. Ke2 Ke7 21. Rh1 Rh8 22. Nb5 a6 23. Nxc7 Rac8 24. Rxh8 Rxh8 25. b4 Rh4 26. c5 dxc5 27. d6+ Kd8 28. bxc5 Rxg4 29. Kd3 Kc8 30. Rb1 Kd8 31. a4 Kc8 32. a5 Kd8 33. Rxb7 Rxe4 34. Nxa6 Ra4 35. c6 e4+ 36. Kc3 Ne8 37. Rxd7+ Kc8 38. Ra7 1-0

[Event "Mumbai Wealth op 5th"]
[Site "Mumbai"]
[Date "2020.01.07"]
[Round "9"]
[White "Mahindrakar, Indrajeet"]
[Black "Aradhya, Garg"]
[Result "0-1"]
[WhiteElo "2042"]
[BlackElo "2197"]
[PlyCount "68"]
[EventDate "2019.12.30"]
[EventType "swiss"]
[EventRounds "9"]
[EventCountry "IND"]
[SourceTitle "CBM 194 Extra"]
[Source "ChessBase"]
[SourceDate "2020.03.31"]
[SourceVersion "1"]
[SourceVersionDate "2020.03.31"]
[SourceQuality "1"]

1. d4 d5 2. Nf3 Nf6 3. Bg5 Ne4 4. Bh4 h5 5. Nfd2 g5 6. Nxe4 gxh4 7. Ned2 c5 8. dxc5 Bg7 9. c3 d4 10. cxd4 Qxd4 11. Nc3 Be6 12. e3 Qxc5 13. Nde4 Qb4 14. Bb5+ Nc6 15. Qe2 h3 16. gxh3 0-0-0 17. a3 Qa5 18. Bxc6 bxc6 19. b4 Qf5 20. Rc1 Kb8 21. b5 c5 22. b6 c4 23. bxa7+ Ka8 24. Rb1 Qa5 25. Qb2 Bd5 26. Rg1 Bxe4 27. Rxg7 Bxb1 28. Kf1 Bd3+ 29. Ke1 Bg6 30. Kf1 Rhg8 31. Rxg8 Bd3+ 32. Ne2 Rxg8 33. Qd4 Rd8 34. Qf4 Qd5 0-1

[Event "Mumbai Wealth op 5th"]
[Site "Mumbai"]
[Date "2019.12.31"]
[Round "2"]
[White "Neelash, Saha"]
[Black "Mahindrakar, Indrajeet"]
[Result "1-0"]
[WhiteElo "2356"]
[BlackElo "2042"]
[PlyCount "139"]
[EventDate "2019.12.30"]
[EventType "swiss"]
[EventRounds "9"]
[EventCountry "IND"]
[SourceTitle "CBM 194 Extra"]
[Source "ChessBase"]
[SourceDate "2020.03.31"]
[SourceVersion "1"]
[SourceVersionDate "2020.03.31"]
[SourceQuality "1"]

1. d4 Nf6 2. c4 g6 3. Nc3 Bg7 4. e4 d6 5. h3 0-0 6. Be3 e5 7. d5 Nbd7 8. g4 Nc5 9. f3 a5 10. h4 Ne8 11. h5 Bf6 12. Qd2 Bh4+ 13. Kd1 g5 14. Kc2 Kh8 15. Bd3 Rg8 16. Nge2 Bd7 17. Rad1 a4 18. Kb1 Ra6 19. Bc2 Qa8 20. Nb5 Qd8 21. Rhg1 Bxb5 22. cxb5 Ra8 23. Qb4 Qe7 24. Nc3 Nf6 25. Nxa4 Nfd7 26. Nxc5 dxc5 27. Qc3 Qd6 28. a4 b6 29. b3 h6 30. Bd3 Kh7 31. Rdf1 Kh8 32. Kc2 Qe7 33. Bc1 Rgd8 34. Bb2 Kg8 35. Rg2 Ra7 36. Bc4 Qd6 37. Rh1 Re8 38. Qe3 Kh7 39. Bc1 Rg8 40. Rh3 Raa8 41. Kd1 Nf8 42. Ke2 Rd8 43. Rg1 Qf6 44. Kf1 Rd6 45. Kg2 Nd7 46. Bd2 Ra8 47. Ra1 Nf8 48. Rhh1 Qd8 49. Ra2 Qf6 50. Qc3 Ra5 51. Rc1 Kg8 52. Be2 Nd7 53. Be3 Kg7 54. b4 cxb4 55. Qxb4 Ra7 56. a5 Kh7 57. Qd2 Nf8 58. axb6 Rxa2 59. Qxa2 cxb6 60. Qa8 Kg7 61. Rc8 Qe7 62. Bd2 Rf6 63. Bc3 Rf4 64. Qb8 Nd7 65. Rg8+ Kf6 66. Qc7 Qc5 67. Qd8+ Qe7 68. Bb4 Nc5 69. Bxc5 bxc5 70. b6 1-0

[Event "Bhopal op"]
[Site "Bhopal"]
[Date "2019.12.24"]
[Round "5"]
[White "Suthershun, A."]
[Black "Mahindrakar, Indrajeet"]
[Result "1/2-1/2"]
[WhiteElo "1743"]
[BlackElo "2042"]
[PlyCount "120"]
[EventDate "2019.12.21"]
[EventType "swiss"]
[EventRounds "10"]
[EventCountry "IND"]
[SourceTitle "CBM 194 Extra"]
[Source "ChessBase"]
[SourceDate "2020.03.31"]
[SourceVersion "1"]
[SourceVersionDate "2020.03.31"]
[SourceQuality "1"]

1. e4 Nf6 2. e5 Nd5 3. d4 d6 4. Nf3 dxe5 5. Nxe5 c6 6. Be2 Bf5 7. 0-0 Nd7 8. f4 Nxe5 9. fxe5 e6 10. Bd3 Bxd3 11. Qxd3 Be7 12. c4 Nb4 13. Qe4 0-0 14. a3 Na6 15. Nc3 Nc7 16. Be3 Qd7 17. Rad1 Rad8 18. Qg4 Kh8 19. Ne4 f5 20. exf6 gxf6 21. Qh5 Qe8 22. Qa5 Qg6 23. Qxc7 Qxe4 24. Qxe7 Qxe3+ 25. Kh1 Qb3 26. Qxe6 Rde8 27. Qd6 Qxb2 28. d5 cxd5 29. cxd5 Qe5 30. Qb4 Rg8 31. d6 b6 32. d7 Rd8 33. Qd6 Qxd6 34. Rxd6 Rg7 35. Rfd1 Re7 36. Kg1 Kg7 37. Kf2 Kf7 38. R1d3 Re6 39. R6d4 Re5 40. Rh3 h5 41. Rc3 Ra5 42. Kf3 Ke6 43. Re3+ Re5 44. Red3 Rc5 45. Re4+ Re5 46. Red4 Rc5 47. Kf4 Rf5+ 48. Ke4 Rg5 49. Kf3 Re5 50. Rd6+ Ke7 51. Rc6 Rf5+ 52. Ke4 Rf2 53. Rc7 Rxg2 54. Rxa7 Rxh2 55. Kf5 Rf2+ 56. Kg6 Rg2+ 57. Kf5 Rf2+ 58. Ke4 Re2+ 59. Kf3 Re5 60. a4 Ra5 1/2-1/2